[Event "FRA-ch Youth U14 2018"]
[Site "Agen"]
[Date "2018.04.20"]
[Round "7"]
[White "Popov, Konstantin"]
[Black "Girel, Joseph"]
[Result "1/2-1/2"]
[WhiteElo "2150"]
[BlackElo "1969"]
[Annotator "NA"]
[PlyCount "132"]
[EventDate "2018.??.??"]
[EventType "swiss"]
[EventCountry "FRA"]
[SourceTitle "playchess.com"]
[Source "ChessBase"]
[SourceQuality "1"]
[TimeControl "5400+30"]

1. e4 {[%emt 0:00:00]} e6 {[%emt 0:00:20]} 2. d4 {[%emt 0:00:00]} d5 {[%emt 0:00:06]} 3. Nd2 {[%emt 0:00:09]} Nf6 {[%emt 0:00:30]} 4. e5 {[%emt 0:00:19]} Nfd7 {[%emt 0:00:06]} 5. Bd3 {[%emt 0:00:16]} c5 {[%emt 0:00:08]} 6. c3 {[%emt 0:00:10]} Nc6 {[%emt 0:00:08]} 7. Ne2 {[%emt 0:00:19]} cxd4 {[%emt 0:00:08]} 8. cxd4 {[%emt 0:00:15]} f6 {[%emt 0:00:08]} 9. exf6 {[%emt 0:00:21]} Nxf6 {[%emt 0:00:06]} 10. Nf3 {[%emt 0:00:47]} Bd6 {[%emt 0:00:07]} 11. Bf4 {[%emt 0:01:07]} O-O {[%emt 0:01:48]} 12. O-O {[%emt 0:01:46] LiveBook: 924 Games} Ng4 {[%emt 0:02:35] C06: French Tarrasch: 3...Nf6 4 e5 Nfd7 5 Bd3 main lines} (12... Bxf4 13. Nxf4 Ne4 14. Qc1 Ng5 15. Nxg5 Qxg5 16. Ne2 Qf6 17. Qc5 Bd7 18. Rad1 Rac8 19. Qd6 Be8 20. Rd2 Bh5 21. Ng3 Bg6 22. Bxg6 hxg6 23. Ne2 g5 24. h3 Rf7 {1-0 (68) Pridorozhni,A (2570)-Volkov,S (2612) Serpukhov 2018}) 13. Bxd6 {[%emt 0:07:18]} Qxd6 {[%emt 0:00:10]} 14. Ng3 {[%emt 0:00:06]} e5 {[%emt 0:01:20]} 15. dxe5 {[%emt 0:02:04]} Ngxe5 {[%emt 0:01:29]} 16. Nxe5 {[%emt 0:00:45]} Nxe5 {[%emt 0:00:40]} 17. Qc2 {[%emt 0:03:13]} Nxd3 {[%emt 0:03:27]} 18. Qxd3 {[%emt 0:00:07]} b6 $146 {[%emt 0:01:45]} ({Find the theoretical novelty and annotate with similar games:} 18... Be6 19. Rad1 Kh8 20. Ne2 Bf7 {1-0 (50) Varacalli,F (2303)-Ilampoornan,R (1860) Ahmedabad 2017}) 19. Rac1 {[%emt 0:03:25]} Bb7 {[%emt 0:02:53]} 20. Nf5 {[%emt 0:05:52]} Qe5 {[%emt 0:03:56]} 21. Nd4 {[%emt 0:02:13]} Ba6 {[%emt 0:01:32]} 22. Qxa6 {[%emt 0:01:11]} Qxd4 {[%emt 0:00:06]} 23. Qa3 {[%emt 0:09:04]} Rae8 {[%emt 0:06:45]} 24. Rcd1 {[%emt 0:03:23]} Qf6 {[%emt 0:01:20]} 25. Rd2 {[%emt 0:06:55]} Qf4 $11 {[%emt 0:02:14]} 26. Qd3 {[%emt 0:06:01]} Re5 {[%emt 0:04:19]} 27. b3 {[%emt 0:19:59]} Rd8 {[%emt 0:02:53]} 28. g3 {[%emt 0:00:20]} Qf6 {[%emt 0:01:32]} 29. Rfd1 {[%emt 0:02:13]} Qe6 {[%emt 0:01:40]} 30. Qc3 {[%emt 0:05:51]} Re1+ {[%emt 0:00:49]} 31. Rxe1 {[%emt 0:00:28]} Qxe1+ {[%emt 0:00:13]} 32. Kg2 {[%emt 0:00:17]} Qe4+ {[%emt 0:00:59]} 33. f3 {[%emt 0:00:58]} Qe1 {[%emt 0:06:44]} 34. Qd3 {[%emt 0:00:40]} Qe6 {[%emt 0:01:38]} 35. Qd4 {[%emt 0:01:14]} h6 {[%emt 0:01:01]} 36. a4 {[%emt 0:02:05]} Kh8 {[%emt 0:01:11]} 37. g4 {[%emt 0:02:27]} Qe1 {[%emt 0:02:38]} 38. Qf2 {[%emt 0:04:54]} Qb1 {[%emt 0:01:29]} 39. Qe3 {[%emt 0:00:20]} Qc1 {[%emt 0:07:18]} 40. g5 {[%emt 0:02:51]} Rd6 {[%emt 0:03:10]} 41. h4 {[%emt 0:02:07]} Re6 {[%emt 0:03:23]} 42. Qd4 {[%emt 0:01:00]} Qe1 {[%emt 0:01:25]} 43. Rc2 {[%emt 0:03:08]} Re2+ {[%emt 0:01:34]} 44. Rxe2 {[%emt 0:00:06]} Qxe2+ {[%emt 0:00:04]} 45. Kg3 {[%emt 0:00:27]} Qe1+ {[%emt 0:01:25]} 46. Kg4 {[%emt 0:00:43]} Qe6+ {[%emt 0:00:48]} 47. Kf4 {[%emt 0:00:38]} Qf7+ {[%emt 0:01:06]} 48. Ke3 {[%emt 0:00:21]} hxg5 {[%emt 0:00:46]} 49. hxg5 {[%emt 0:00:13]} Qe7+ {[%emt 0:00:21]} 50. Kf4 {[%emt 0:00:11]} Qf7+ {[%emt 0:00:43]} 51. Kg3 {[%emt 0:00:45]} Qe6 {[%emt 0:01:00]} 52. f4 {[%emt 0:01:04]} Qf5 {[%emt 0:03:37]} 53. Qe3 {[%emt 0:03:13]} Kh7 {[%emt 0:01:05]} 54. b4 {[%emt 0:00:29]} Qb1 {[%emt 0:01:32]} 55. Qd4 {[%emt 0:00:29]} Qe1+ {[%emt 0:05:18]} 56. Kg4 {[%emt 0:00:16]} Qe6+ {[%emt 0:00:34]} 57. f5 {[%emt 0:00:33]} Qe2+ {[%emt 0:00:06]} 58. Kf4 {[%emt 0:00:08]} Qh2+ {[%emt 0:00:11]} 59. Kg4 {[%emt 0:01:03]} Qg2+ {[%emt 0:00:13]} 60. Kh4 {[%emt 0:00:30]} Qh2+ {[%emt 0:00:06]} 61. Kg4 {[%emt 0:00:04]} Qg2+ {[%emt 0:00:05]} 62. Kf4 {[%emt 0:00:48]} Qh2+ {[%emt 0:00:06]} 63. Kf3 {[%emt 0:00:28]} Qh3+ {[%emt 0:00:13]} 64. Kf4 {[%emt 0:00:19]} Qh4+ 65. Ke5 Qxg5 66. Qxd5 Qe7+ {Qd4 Qg5} 1/2-1/2

[Event "FRA-ch Youth U14 2018"]
[Site "Agen"]
[Date "2018.04.20"]
[Round "7"]
[White "Bassini, Emile"]
[Black "Harutyunyan, Safar"]
[Result "1-0"]
[WhiteElo "2021"]
[BlackElo "2163"]
[Annotator "NA"]
[PlyCount "75"]
[EventDate "2018.??.??"]
[EventType "swiss"]
[EventCountry "FRA"]
[SourceTitle "playchess.com"]
[Source "ChessBase"]
[SourceQuality "1"]
[TimeControl "5400+30"]

1. e4 {[%emt 0:00:00]} c5 {[%emt 0:00:05]} 2. Nf3 {[%emt 0:00:00]} d6 {[%emt 0:00:06]} 3. d4 {[%emt 0:00:00]} cxd4 {[%emt 0:00:23]} 4. Nxd4 {[%emt 0:00:00]} Nf6 {[%emt 0:00:09] LiveBook: 94261 Games} 5. Nc3 {[%emt 0:00:00]} a6 {[%emt 0:00:18]} 6. Bg5 {[%emt 0:00:00]} e6 {[%emt 0:00:12]} 7. f4 {[%emt 0:00:00]} Be7 {[%emt 0:00:21]} 8. Qf3 {[%emt 0:00:01]} Nbd7 {[%emt 0:03:43]} 9. O-O-O {[%emt 0:00:35]} Qc7 {[%emt 0:01:11]} 10. Bd3 {[%emt 0:00:17]} b5 {[%emt 0:03:55]} 11. a3 {[%emt 0:02:27]} Bb7 {[%emt 0:01:48]} 12. Rhe1 {[%emt 0:00:08]} O-O {[%emt 0:04:41]} 13. Qh3 {[%emt 0:01:39]} Nc5 {[%emt 0:03:49]} 14. e5 {[%emt 0:02:38]} Nxd3+ {[%emt 0:13:58]} 15. Rxd3 {[%emt 0:00:31]} dxe5 {[%emt 0:26:25]} 16. fxe5 {[%emt 0:00:42]} Nd5 {[%emt 0:03:06]} 17. Nxe6 $2 {[%emt 0:04:59]} (17. Ne4 $11) 17... fxe6 {[%emt 0:02:41]} 18. Qxe6+ {[%emt 0:00:11] [#]} Rf7 $1 {[%emt 0:01:41]} 19. Bxe7 {[%emt 0:00:07]} Nxe7 $4 {[%emt 0:05:04]} (19... Nf4 $19 {avoids the disaster.} 20. Bd6 Nxe6 21. Bxc7 Rxc7) 20. Rd7 {[%emt 0:00:11]} Qc6 {[%emt 0:13:17]} 21. Rxe7 {[%emt 0:00:11]} Qxe6 {[%emt 0:00:29]} 22. Rxe6 {[%emt 0:00:05]} Bxg2 {[%emt 0:01:14]} 23. Rd6 {[%emt 0:04:36]} Kf8 $18 {[%emt 0:02:07]} 24. Ne2 {[%emt 0:04:10]} Rf2 {[%emt 0:04:45]} 25. Nd4 {[%emt 0:03:29]} Ke7 {[%emt 0:01:59]} 26. h4 {[%emt 0:04:39]} g6 {[%emt 0:02:18]} 27. h5 {[%emt 0:00:52]} gxh5 {[%emt 0:02:28]} 28. Rh6 {[%emt 0:00:09]} Rh8 {[%emt 0:00:48]} 29. Rxa6 {[%emt 0:00:42]} Bh3 {[%emt 0:01:00]} 30. Ra7+ {[%emt 0:00:08]} Kf8 {[%emt 0:00:21]} 31. e6 {[%emt 0:00:08]} Bg2 {[%emt 0:00:42]} 32. e7+ {[%emt 0:00:25]} Ke8 {[%emt 0:00:04]} 33. Nxb5 {[%emt 0:00:11]} Rf6 {[%emt 0:00:22]} 34. Nc7+ {[%emt 0:00:14]} Kd7 {[%emt 0:00:07]} 35. Nd5+ {[%emt 0:00:04]} Kd6 {[%emt 0:00:14]} 36. Nxf6 {[%emt 0:00:07]} Bc6 {[%emt 0:00:14]} 37. e8=Q {[%emt 0:00:10]} Bxe8 {[%emt 0:00:03]} 38. Rxe8 {[%emt 0:00:13] Kd5} 1-0

[Event "FRA-ch Youth U14 2018"]
[Site "Agen"]
[Date "2018.04.20"]
[Round "7"]
[White "Mas, Victor"]
[Black "Lary, Damien"]
[Result "0-1"]
[WhiteElo "1939"]
[BlackElo "2072"]
[Annotator "NA"]
[PlyCount "70"]
[EventDate "2018.??.??"]
[EventType "swiss"]
[EventCountry "FRA"]
[SourceTitle "playchess.com"]
[Source "ChessBase"]
[SourceQuality "1"]
[TimeControl "5400+30"]

1. d4 {[%emt 0:00:00]} Nf6 {[%emt 0:00:11]} 2. Nf3 {[%emt 0:00:00]} c5 {[%emt 0:01:12]} 3. d5 {[%emt 0:01:08]} e6 {[%emt 0:02:09]} 4. c4 {[%emt 0:02:03]} b5 {[%emt 0:02:29]} 5. dxe6 {[%emt 0:05:18]} fxe6 {[%emt 0:00:26]} 6. cxb5 {[%emt 0:01:35]} d5 {[%emt 0:02:37]} 7. Bg5 {[%emt 0:05:13]} Be7 {[%emt 0:01:10]} 8. e3 {[%emt 0:02:42] E10: Blumenfeld Gambit} Nbd7 {[%emt 0:02:42]} 9. Nc3 {[%emt 0:06:35]} O-O {[%emt 0:03:29]} 10. Be2 {[%emt 0:01:16]} (10. Bd3 Bb7 11. O-O Qe8 12. Qe2 Bd6 13. Bh4 Qh5 14. Bg3 Bxg3 15. fxg3 e5 {1-0 (55) Kortschnoj,V (2557)-Venkatesh,M (2455) San Sebastian 2011}) 10... Bb7 {[%emt 0:04:11]} 11. O-O {[%emt 0:02:43] LiveBook: 8 Games} Qc7 {[%emt 0:00:20]} 12. a4 {[%emt 0:02:58]} Rad8 {[%emt 0:01:25]} 13. a5 {[%emt 0:08:27]} e5 $146 {[%emt 0:04:21]} ({Predecessor:} 13... Rfe8 14. Qc2 Nf8 15. Rfd1 d4 {0-1 (43) Mizsei,J (2056)-Bodrogi,L (2108) Budapest 2008}) 14. Bxf6 {[%emt 0:13:33]} Nxf6 {[%emt 0:01:44]} 15. b6 {[%emt 0:00:39]} axb6 {[%emt 0:15:43]} 16. Nb5 {[%emt 0:00:37]} Qd7 {[%emt 0:05:54]} 17. Nxe5 {[%emt 0:10:26]} Qe6 {[%emt 0:03:51]} 18. Nf3 $11 {[%emt 0:01:11]} bxa5 {[%emt 0:03:22]} 19. Rxa5 {[%emt 0:06:35]} Qb6 {[%emt 0:00:36]} 20. Ra1 {[%emt 0:12:40]} Bc6 {[%emt 0:05:18]} 21. Na7 {[%emt 0:10:56]} Be8 {[%emt 0:00:58]} 22. Qd2 {[%emt 0:00:41]} Ra8 {[%emt 0:02:51]} 23. Ra6 {[%emt 0:00:42]} Qb7 {[%emt 0:02:21]} 24. Rfa1 {[%emt 0:00:33]} Ne4 {[%emt 0:00:42]} 25. Qd1 {[%emt 0:01:38]} c4 {[%emt 0:03:56]} 26. R6a5 {[%emt 0:01:13]} Bc5 {[%emt 0:01:11]} 27. Nb5 {[%emt 0:01:29]} Rxa5 {[%emt 0:04:05]} 28. Rxa5 {[%emt 0:00:05]} Bb6 {[%emt 0:03:15]} 29. Nd6 {[%emt 0:00:27]} Nxd6 {[%emt 0:00:15]} 30. Rxd5 {[%emt 0:00:06]} Nf7 {[%emt 0:09:08]} 31. Bxc4 {[%emt 0:00:05]} Bc6 {[%emt 0:00:41]} 32. Rf5 {[%emt 0:00:49]} Bxf3 {[%emt 0:08:27]} 33. gxf3 {[%emt 0:00:42]} Qe7 {[%emt 0:01:21]} 34. Qb3 {[%emt 0:00:37]} Bc7 {[%emt 0:00:36]} 35. Qb7 {[%emt 0:00:46]} Bxh2+ {[%emt 0:00:06] Qb3 Bc7} 0-1

[Event "FRA-ch Youth U14 2018"]
[Site "Agen"]
[Date "2018.04.20"]
[Round "7"]
[White "Moracchini, Margaux"]
[Black "Courjal, Pauline"]
[Result "1-0"]
[WhiteElo "1939"]
[BlackElo "1509"]
[Annotator "NA"]
[PlyCount "75"]
[EventDate "2018.??.??"]
[EventType "swiss"]
[EventCountry "FRA"]
[SourceTitle "playchess.com"]
[Source "ChessBase"]
[SourceQuality "1"]
[TimeControl "5400+30"]

1. e4 {[%emt 0:00:00]} e6 {[%emt 0:00:06]} 2. d4 {[%emt 0:00:00]} d5 {[%emt 0:00:05]} 3. Nd2 {[%emt 0:00:00]} dxe4 {[%emt 0:00:04]} 4. Nxe4 {[%emt 0:00:00]} Nd7 {[%emt 0:00:05]} 5. Bd3 {[%emt 0:00:01]} Ngf6 {[%emt 0:00:09] LiveBook: 378 Games} 6. Qe2 {[%emt 0:00:06]} Nxe4 {[%emt 0:02:26]} 7. Bxe4 {[%emt 0:00:29]} Nf6 {[%emt 0:00:27]} 8. Bxb7 {[%emt 0:00:10] C10: French with 3 Nc3: Unusual Black 3rd moves and 3...dxe4} Rb8 {[%emt 0:08:43]} (8... Bxb7 9. Qb5+ Nd7 10. Qxb7 Bd6 11. Nf3 O-O 12. O-O a5 13. a4 Rb8 14. Qa6 Ra8 15. Qe2 c5 16. dxc5 Nxc5 {½-½ (93) Belyakov,B (2486)-Timofeev,A (2549) Sochi 2017}) 9. Bxc8 {[%emt 0:01:45]} Qxc8 {[%emt 0:00:16]} 10. Nf3 {[%emt 0:01:29]} Be7 {[%emt 0:05:35]} 11. O-O {[%emt 0:01:36]} O-O {[%emt 0:00:20]} 12. Ne5 {[%emt 0:03:52]} c5 {[%emt 0:04:43]} 13. dxc5 {[%emt 0:04:29]} Bxc5 $146 {[%emt 0:04:18]} ({Predecessor:} 13... Qxc5 14. Nd3 Qf5 15. Bf4 Rbc8 {½-½ (51) Kochukova,A (1866)-Lenshin,S (1872) Borisoglebsk 2014}) 14. Nd3 {[%emt 0:04:12]} Bd6 {[%emt 0:02:05]} 15. b3 {[%emt 0:09:26]} Qc7 {[%emt 0:05:56]} 16. h3 {[%emt 0:03:15]} Rfc8 {[%emt 0:08:30]} 17. c4 {[%emt 0:01:17]} a5 {[%emt 0:03:49]} 18. Bb2 {[%emt 0:15:50]} a4 {[%emt 0:05:56]} 19. Bxf6 {[%emt 0:05:32]} gxf6 {[%emt 0:00:12]} 20. Rab1 {[%emt 0:01:57]} axb3 {[%emt 0:01:30]} 21. axb3 {[%emt 0:00:07]} Kh8 {[%emt 0:02:08]} 22. Rfc1 $18 {[%emt 0:02:44]} Rg8 {[%emt 0:07:02]} 23. Qf3 {[%emt 0:07:50]} Rg6 {[%emt 0:02:21]} 24. c5 {[%emt 0:04:40]} Be7 {[%emt 0:02:21]} 25. b4 {[%emt 0:02:59]} Rb5 {[%emt 0:04:47]} 26. Ra1 {[%emt 0:05:04]} e5 {[%emt 0:07:13]} 27. Ra8+ {[%emt 0:05:24]} Rb8 {[%emt 0:04:36]} 28. Rxb8+ {[%emt 0:04:56]} Qxb8 {[%emt 0:00:06]} 29. Ra1 {[%emt 0:00:48]} Rg8 {[%emt 0:00:15]} 30. Ra6 {[%emt 0:01:19]} Qc8 {[%emt 0:01:31]} 31. Ra7 {[%emt 0:02:18]} Re8 {[%emt 0:02:48]} 32. Rxe7 {[%emt 0:00:23]} Rxe7 {[%emt 0:01:57]} 33. Qxf6+ {[%emt 0:00:05]} Kg8 {[%emt 0:00:07]} 34. Qxe7 {[%emt 0:00:01]} Qa6 {[%emt 0:00:15]} 35. Nxe5 {[%emt 0:00:31]} Qa1+ {[%emt 0:00:26]} 36. Kh2 {[%emt 0:00:06]} h5 {[%emt 0:00:39]} 37. Qxf7+ {[%emt 0:00:07]} Kh8 {[%emt 0:00:07]} 38. Ng6# 1-0

[Event "FRA-ch Youth U14 2018"]
[Site "Agen"]
[Date "2018.04.20"]
[Round "7"]
[White "Nguyen, Thao Nhi"]
[Black "Randrianarimanana, Alicia"]
[Result "1-0"]
[WhiteElo "1861"]
[BlackElo "1872"]
[Annotator "NA"]
[PlyCount "77"]
[EventDate "2018.??.??"]
[EventType "swiss"]
[EventCountry "FRA"]
[SourceTitle "playchess.com"]
[Source "ChessBase"]
[SourceQuality "1"]
[TimeControl "5400+30"]

1. e4 {[%emt 0:00:00]} c5 {[%emt 0:00:04]} 2. Nf3 {[%emt 0:00:00]} d6 {[%emt 0:00:04]} 3. Nc3 {[%emt 0:00:00]} g6 {[%emt 0:00:09]} 4. d4 {[%emt 0:00:00]} cxd4 {[%emt 0:00:07]} 5. Qxd4 {[%emt 0:00:09] LiveBook: 9 Games} Nf6 {[%emt 0:00:05]} 6. e5 {[%emt 0:00:23]} Nc6 {[%emt 0:00:40]} 7. Bb5 {[%emt 0:00:15]} Nh5 {[%emt 0:04:15] B50: Sicilian: 2...d6, Miscellaneous} (7... dxe5 8. Bxc6+ bxc6 9. Qxd8+ Kxd8 10. Nxe5 Ke8 11. f3 Bb7 12. Bd2 Bg7 13. O-O-O Nd5 14. Rhe1 Rd8 15. Na4 {1-0 (34) Akbaev,K (2470)-Chashchev,S (2376) Cherkessk 2014}) 8. exd6 {[%emt 0:07:57]} Bg7 {[%emt 0:00:19]} 9. Qc5 {[%emt 0:04:01]} Qxd6 {[%emt 0:08:33]} 10. Qxd6 {[%emt 0:01:25]} exd6 {[%emt 0:00:01]} 11. Be3 $146 {[%emt 0:01:52]} ({Predecessor:} 11. Nd5 O-O 12. Bxc6 bxc6 13. Ne7+ Kh8 14. Nxc6 Re8+ 15. Kd1 {1-0 (61) Bulmaga,I (2028)-Kurzhanskaya,V Heraklio 2004}) 11... O-O {[%emt 0:02:21]} 12. O-O-O {[%emt 0:01:12]} Rd8 {[%emt 0:02:13]} 13. Ng5 {[%emt 0:06:35]} h6 {[%emt 0:22:38]} 14. Nge4 {[%emt 0:01:25]} Bf8 {[%emt 0:00:19]} 15. Be2 {[%emt 0:03:19]} Kg7 {[%emt 0:05:24]} 16. Nd5 {[%emt 0:01:55]} f5 {[%emt 0:04:48]} 17. Nec3 {[%emt 0:01:51]} Bd7 $18 {[%emt 0:16:15]} (17... Nf6 $16 {keeps fighting.} 18. Nxf6 Kxf6 19. Nd5+ Kg7) 18. Nb5 {[%emt 0:03:43]} a6 {[%emt 0:09:20]} 19. Nxd6 {[%emt 0:04:10]} b5 {[%emt 0:09:28]} 20. Nb7 {[%emt 0:06:04]} Rdb8 {[%emt 0:01:36]} 21. Nc7 {[%emt 0:00:47]} Nf6 {[%emt 0:00:34]} 22. Nxa8 {[%emt 0:02:51]} Rxa8 {[%emt 0:00:11]} 23. Nc5 {[%emt 0:01:49]} Bc8 {[%emt 0:00:23]} 24. Bf3 {[%emt 0:00:55]} Bxc5 {[%emt 0:00:15]} 25. Bxc5 {[%emt 0:00:27]} Ne4 {[%emt 0:00:37]} 26. Be3 {[%emt 0:01:10]} Ne5 {[%emt 0:01:41]} 27. Bd4 {[%emt 0:00:35]} Kf6 {[%emt 0:00:01]} 28. Bxe4 {[%emt 0:01:02]} fxe4 {[%emt 0:00:01]} 29. f4 {[%emt 0:00:15]} exf3 {[%emt 0:00:08]} 30. Rhe1 {[%emt 0:01:17]} fxg2 {[%emt 0:00:26]} 31. Rxe5 {[%emt 0:00:24]} Kf7 {[%emt 0:00:04]} 32. Bc5 {[%emt 0:00:39]} Kf6 {[%emt 0:01:00]} 33. Re7 {[%emt 0:01:59]} Bg4 {[%emt 0:00:33]} 34. Rde1 {[%emt 0:02:13]} Rc8 {[%emt 0:02:03]} 35. Bd4+ {[%emt 0:00:20]} Kg5 {[%emt 0:00:01]} 36. R7e3 {[%emt 0:00:27]} Rf8 {[%emt 0:01:49]} 37. Rg3 {[%emt 0:01:02]} Rf1 {[%emt 0:00:11]} 38. Kd2 {[%emt 0:00:06]} Rf3 {[%emt 0:01:58]} 39. Rxg2 {[%emt 0:00:31]} 1-0

[Event "FRA-ch Youth U14 2018"]
[Site "Agen"]
[Date "2018.04.20"]
[Round "7"]
[White "Chemla, Anouk"]
[Black "Bellahcene, Sofia"]
[Result "1/2-1/2"]
[WhiteElo "1705"]
[BlackElo "1701"]
[Annotator "NA"]
[PlyCount "70"]
[EventDate "2018.??.??"]
[EventType "swiss"]
[EventCountry "FRA"]
[SourceTitle "playchess.com"]
[Source "ChessBase"]
[SourceQuality "1"]
[TimeControl "5400+30"]

1. Nf3 {[%emt 0:00:00]} d5 {[%emt 0:00:21]} 2. g3 {[%emt 0:00:00]} Nc6 {[%emt 0:00:35]} 3. d4 {[%emt 0:00:00]} Bg4 {[%emt 0:00:11]} 4. Bg2 {[%emt 0:00:35]} Qd7 {[%emt 0:00:47]} 5. c4 {[%emt 0:01:31]} dxc4 {[%emt 0:00:36]} 6. d5 {[%emt 0:03:11]} Bxf3 {[%emt 0:00:23]} 7. Bxf3 {[%emt 0:00:32]} Ne5 {[%emt 0:00:25]} 8. Bg2 {[%emt 0:00:42]} e6 {[%emt 0:00:34]} 9. Qd4 {[%emt 0:10:42]} Nc6 {[%emt 0:00:31]} 10. Qxc4 {[%emt 0:01:29]} exd5 {[%emt 0:00:15]} 11. Qxd5 {[%emt 0:03:41]} Bb4+ {[%emt 0:00:25]} 12. Bd2 {[%emt 0:00:53]} Bxd2+ {[%emt 0:04:52]} 13. Nxd2 {[%emt 0:08:12]} Qxd5 {[%emt 0:03:07]} 14. Bxd5 {[%emt 0:00:07]} Nge7 {[%emt 0:00:11]} 15. Bg2 {[%emt 0:01:23]} O-O-O {[%emt 0:01:35]} 16. Nb3 {[%emt 0:05:50]} Nd4 {[%emt 0:06:52]} 17. Nxd4 {[%emt 0:04:32]} Rxd4 {[%emt 0:00:20]} 18. e3 {[%emt 0:08:04]} Rd6 {[%emt 0:01:36]} 19. Ke2 {[%emt 0:08:06]} Rhd8 {[%emt 0:13:03]} 20. Rhd1 {[%emt 0:00:52]} c5 {[%emt 0:09:37]} 21. Rxd6 {[%emt 0:01:59]} Rxd6 {[%emt 0:00:44]} 22. Rc1 {[%emt 0:00:40]} b6 {[%emt 0:05:30]} 23. b4 {[%emt 0:03:28]} Rh6 {[%emt 0:05:01]} 24. bxc5 {[%emt 0:02:02]} b5 {[%emt 0:03:07]} 25. h4 {[%emt 0:01:18]} Ra6 {[%emt 0:03:34]} 26. Rc2 {[%emt 0:01:04]} Kc7 {[%emt 0:00:22]} 27. Kd3 {[%emt 0:03:07]} Ra4 {[%emt 0:02:32]} 28. Rb2 {[%emt 0:04:53]} a6 {[%emt 0:00:46]} 29. Bf3 {[%emt 0:02:34]} Ng6 {[%emt 0:04:35]} 30. Bd5 {[%emt 0:02:32]} Ne5+ {[%emt 0:01:52]} 31. Kc3 {[%emt 0:00:53]} f6 {[%emt 0:02:26]} 32. Rc2 {[%emt 0:02:06]} a5 {[%emt 0:06:23]} 33. Bb3 {[%emt 0:07:24]} Rg4 {[%emt 0:01:42]} 34. Kd2 {[%emt 0:02:38]} Kc6 {[%emt 0:01:50]} 35. Be6 {[%emt 0:03:25]} Ra4 1/2-1/2

[Event "FRA-ch Youth U14 2018"]
[Site "Agen"]
[Date "2018.04.20"]
[Round "7"]
[White "Sumarriva Paulin, Laura"]
[Black "Yuan, Beline"]
[Result "1-0"]
[WhiteElo "1665"]
[BlackElo "2035"]
[Annotator "NA"]
[PlyCount "73"]
[EventDate "2018.??.??"]
[EventType "swiss"]
[EventCountry "FRA"]
[SourceTitle "playchess.com"]
[Source "ChessBase"]
[SourceQuality "1"]
[TimeControl "5400+30"]

1. d4 {[%emt 0:00:00]} Nf6 {[%emt 0:00:24]} 2. c4 {[%emt 0:00:00]} g6 {[%emt 0:00:08]} 3. Nc3 {[%emt 0:00:00]} Bg7 {[%emt 0:00:18]} 4. Bg5 {[%emt 0:00:05]} d6 {[%emt 0:00:44]} 5. h3 {[%emt 0:00:29]} O-O {[%emt 0:00:27]} 6. Nf3 {[%emt 0:00:26]} Nbd7 {[%emt 0:00:46]} 7. e3 {[%emt 0:00:48]} e5 {[%emt 0:01:27]} 8. Be2 {[%emt 0:01:21]} h6 {[%emt 0:04:19]} 9. Bh4 {[%emt 0:00:25]} Re8 {[%emt 0:02:00]} 10. O-O {[%emt 0:02:12]} g5 {[%emt 0:05:14]} 11. Bg3 {[%emt 0:00:25]} e4 {[%emt 0:04:40]} 12. Nd2 {[%emt 0:02:06]} Nb6 {[%emt 0:02:11]} 13. Qc2 {[%emt 0:11:26]} Bf5 {[%emt 0:01:42]} 14. a4 {[%emt 0:16:22]} Nc8 {[%emt 0:07:51]} 15. b4 {[%emt 0:08:42]} Ne7 {[%emt 0:08:30]} 16. Qb3 {[%emt 0:10:06]} Qd7 {[%emt 0:05:46]} 17. c5 {[%emt 0:07:08]} h5 {[%emt 0:04:34]} (17... Be6 $14 18. Qb2 dxc5) 18. cxd6 $18 {[%emt 0:01:20]} Nc6 {[%emt 0:21:15]} 19. dxc7 h4 {[%emt 0:00:48]} 20. Bh2 {[%emt 0:06:44]} g4 {[%emt 0:01:04]} 21. hxg4 {[%emt 0:01:01]} Bxg4 {[%emt 0:00:15]} 22. Bc4 {[%emt 0:04:02]} Bh5 {[%emt 0:05:51]} 23. Nd5 {[%emt 0:12:59]} Ng4 {[%emt 0:11:21]} 24. Bf4 {[%emt 0:01:25]} Nf6 {[%emt 0:03:02]} 25. Nxf6+ {[%emt 0:05:58]} Bxf6 {[%emt 0:00:04]} 26. Bd5 {[%emt 0:00:49]} Qf5 {[%emt 0:03:24]} 27. Bxc6 {[%emt 0:02:34]} bxc6 {[%emt 0:00:03]} 28. Qc4 {[%emt 0:00:29]} Rac8 {[%emt 0:00:28]} 29. Qxc6 {[%emt 0:00:48]} Bxd4 {[%emt 0:00:18]} 30. Rac1 {[%emt 0:01:04]} Bf6 {[%emt 0:01:26]} 31. Qb7 {[%emt 0:00:39]} Be5 {[%emt 0:01:39]} 32. Rc5 {[%emt 0:01:11]} f6 {[%emt 0:02:00]} 33. Bxe5 {[%emt 0:00:34]} fxe5 {[%emt 0:00:51]} 34. Nxe4 {[%emt 0:00:54]} Qg6 {[%emt 0:00:17]} 35. Rxe5 {[%emt 0:00:48]} Rxe5 {[%emt 0:01:00]} 36. Qxc8+ {[%emt 0:00:06]} Re8 {[%emt 0:00:07]} 37. Qxe8+ {[%emt 0:00:25]} 1-0